000
00336nam a22001457a 4500
003
OSt
008
220521b ||||| |||| 00| 0 eng d
020
_a
97-1-7812-5919-1
082
_a
150 GRL
100
_a
GREENE,Robert
245
_a
Law of Human Nature
260
_a
London
_b
P Profile book
_c
2018
300
_a
609
942
_2
ddc
_c
BK
999
_c
11230
_d
11230